000 03734cam a2200745 a 4500
999 _c58081
001 11809419
003 LIBRIS
005 20210614120239.0
008 100408s2010 sw |||||||||||000 0|swe|
020 _a9789137136042
_qinb.
040 _aLGEN
_dL
_dS
_ea
041 _aswe
082 0 4 _a080
_222 (machine generated)
084 _aBb
_2kssb/8
100 1 _aBatra, David,
_d1972-
_4aut
_0https://libris.kb.se/qn247vx82qjnr38#it
245 1 0 _aDet här var ju tråkigt :
_bännu en bok /
_cav David Batra ; tillsammans med Gustaf Engström ... ; [foto: Pontus Thorén].
264 1 _aStockholm :
_bForum,
_c2010
264 3 _aLettland
300 _a128 s.
_bill.
_c21 cm
700 1 _aEngström, Gustaf
_4oth
887 _a{"@id":"zh9bjnv94jgt7fh","modified":"2016-03-12T08:05:17+01:00","checksum":"182141779734"}
_2librisxl
887 _a{"@id":"qv30qqxw248k6xx","modified":"2016-01-25T11:27:23+01:00","checksum":"136256756490"}
_2librisxl
887 _a{"@id":"lzszghhkj8fc6sds","modified":"2020-10-14T15:16:29.15+02:00","checksum":"133576077311"}
_2librisxl
887 _a{"@id":"lqx3grsr0pq1qcg","modified":"2010-11-16T09:14:21+01:00","checksum":"155194806764"}
_2librisxl
887 _a{"@id":"8dlqbgdf0hhcppn","modified":"2016-03-07T10:11:59+01:00","checksum":"147243133405"}
_2librisxl
887 _a{"@id":"t3npv6p3r0k232w8","modified":"2019-02-27T12:16:46.528+01:00","checksum":"132234289027"}
_2librisxl
887 _a{"@id":"djqwwh9k0d14fk7","modified":"2010-10-25T16:29:09+02:00","checksum":"173303917006"}
_2librisxl
887 _a{"@id":"7cldxvjd59x6bt3","modified":"2015-06-22T10:46:17+02:00","checksum":"158536932337"}
_2librisxl
887 _a{"@id":"tz5bp3502d9h69w","modified":"2010-11-17T10:32:01+01:00","checksum":"199203178068"}
_2librisxl
887 _a{"@id":"jnv14ncp1tdbprp","modified":"2010-10-28T14:34:35+02:00","checksum":"140274453456"}
_2librisxl
887 _a{"@id":"djq2fszk4v850x8","modified":"2011-12-06T15:41:39+01:00","checksum":"145271043246"}
_2librisxl
887 _a{"@id":"lqx36tgr04r57h8","modified":"2010-10-26T13:26:59+02:00","checksum":"135797372890"}
_2librisxl
887 _a{"@id":"djrnlqfk20gr9s5","modified":"2015-12-17T12:10:16+01:00","checksum":"168373814719"}
_2librisxl
887 _a{"@id":"x90r2fs7vczskvn0","modified":"2020-09-14T14:44:04.563+02:00","checksum":"137601316632"}
_2librisxl
887 _a{"@id":"15ck76p60ml8fj1","modified":"2014-05-14T11:06:11+02:00","checksum":"164116551102"}
_2librisxl
942 _2z
_cBOOK